Optical properties of solids / (Record no. 190486)

000 -LEADER
fixed length control field 01138 a2200289 4500
003 - CONTROL NUMBER IDENTIFIER
control field Nust
005 - DATE AND TIME OF LATEST TRANSACTION
control field 20220801141356.0
010 ## - LIBRARY OF CONGRESS CONTROL NUMBER
LC control number 2010287387
020 ## - INTERNATIONAL STANDARD BOOK NUMBER
International Standard Book Number 978-0-19-957336-3 (hbk.)
020 ## - INTERNATIONAL STANDARD BOOK NUMBER
International Standard Book Number 978-0-19-957337-0 (pbk.)
035 ## - SYSTEM CONTROL NUMBER
System control number 16251383
040 ## - CATALOGING SOURCE
Transcribing agency Nust
082 0# - DEWEY DECIMAL CLASSIFICATION NUMBER
Classification number 530.412,FOX
100 1# - MAIN ENTRY--PERSONAL NAME
Personal name Fox, Mark
9 (RLIN) 96069
245 10 - TITLE STATEMENT
Title Optical properties of solids /
Statement of responsibility, etc. Mark Fox.
250 ## - EDITION STATEMENT
Edition statement 2nd ed.
260 ## - PUBLICATION, DISTRIBUTION, ETC.
Place of publication, distribution, etc. Oxford ;
-- New York :
Name of publisher, distributor, etc. Oxford University Press,
Date of publication, distribution, etc. 2010.
300 ## - PHYSICAL DESCRIPTION
Extent xvi, 396 p. :
Other physical details ill. ;
Dimensions 26cm.
490 0# - SERIES STATEMENT
Series statement Oxford master series in condensed matter physics ;
Volume/sequential designation v. 3
505 ## - FORMATTED CONTENTS NOTE
Formatted contents note Introduction (Page-1), Classical Propagation (Page-28), Interband Absorption (Page-62), Excitons (Page-95), Luminescence (Page-113), Quantum Confinement (Page-141), Free Electrons (Page-180), Molecular Materials (Page-214), Luminescence Centres (Page-247), Phonons (Page-271), Nonlinear Optics (Page-295).
650 #0 - SUBJECT ADDED ENTRY--TOPICAL TERM
Topical term or geographic name entry element Fasta tillst室ets fysik
9 (RLIN) 96070
650 #0 - SUBJECT ADDED ENTRY--TOPICAL TERM
Topical term or geographic name entry element Light
9 (RLIN) 39732
650 #0 - SUBJECT ADDED ENTRY--TOPICAL TERM
Topical term or geographic name entry element Ljus
9 (RLIN) 96071
650 #0 - SUBJECT ADDED ENTRY--TOPICAL TERM
Topical term or geographic name entry element Solid state physics
9 (RLIN) 34429
650 #0 - SUBJECT ADDED ENTRY--TOPICAL TERM
Topical term or geographic name entry element Solids
General subdivision Optical properties.
9 (RLIN) 96072
942 ## - ADDED ENTRY ELEMENTS (KOHA)
Source of classification or shelving scheme
Koha item type Book
Holdings
Withdrawn status Lost status Source of classification or shelving scheme Damaged status Not for loan Permanent Location Current Location Shelving location Date acquired Full call number Barcode Date last seen Price effective from Koha item type Public note
          Military College of Signals (MCS) Military College of Signals (MCS) Reference 12/12/2016 530.412,FOX MCS36073 12/08/2016 12/12/2016 Reference Almirah No.19, Shelf No.6
          Military College of Signals (MCS) Military College of Signals (MCS) General Stacks 12/12/2016 530.412,FOX MCS37496 12/08/2016 12/12/2016 Book Almirah No.16, Shelf No.2
© 2023 Central Library, National University of Sciences and Technology. All Rights Reserved.